Find the football player #1 - Statistics

General Stats
  • This quiz has been taken 50 times
  • The average score is 10 of 20
Answer Stats
Picture Answer % Correct
Khéphren Thuram
95%
Rayan Cherki
95%
Fabian Ruiz
90%
Téji Savanier
86%
Elye Wahi
83%
Duje Caleta-Car
79%
Jean-Clair Todibo
79%
Takumi Minamino
71%
Arthur Theate
67%
Georges Mikautadze
67%
Quentin Merlin
55%
Pedro Chirivella
36%
Hugo Magnetti
24%
Joris Chotard
21%
Montassar Talbi
17%
Daler Kuzyaev
14%
Mory Diaw
14%
Habib Diarra
12%
Kjetil Haug
12%
Mohamed Daramy
5%
No matching quizzes found
Score Distribution
Percent of People with Each Score
Percentile by Number Answered
Your Score History
You have not taken this quiz